|
|
|
|
| LEADER |
01091naa a2200241 i 4500 |
| 001 |
acta87827 |
| 005 |
20250604162330.0 |
| 008 |
250604s2025 hu o 100 eng d |
| 020 |
|
|
|a 978-963-688-043-9
|
| 040 |
|
|
|a SZTE Egyetemi Kiadványok Repozitórium
|b hun
|
| 041 |
|
|
|a eng
|
| 100 |
1 |
|
|a Alaverdyan Meri
|
| 245 |
1 |
0 |
|a Black Hours and Golden Age in Armenian history textbooks
|h [elektronikus dokumentum] :
|b [abstract] /
|c Alaverdyan Meri
|
| 260 |
|
|
|a Szegedi Tudományegyetem Bölcsészet- és Társadalomtudományi Kar
|b Szeged
|c 2025
|
| 300 |
|
|
|a 491
|
| 490 |
0 |
|
|a Országos Tudományos Diákköri Konferencia : Humán Tudományi Szekció
|
| 650 |
|
4 |
|a Társadalomtudományok
|
| 650 |
|
4 |
|a Oktatástudomány
|
| 650 |
|
4 |
|a Bölcsészettudományok
|
| 650 |
|
4 |
|a Történettudomány és régészet
|
| 695 |
|
|
|a Történelem tanítása - örmény - előadáskivonat, Történelemtankönyv-elemzés - örmény - előadáskivonat
|
| 710 |
|
|
|a Országos Tudományos Diákköri Konferencia (37.)
|c Szeged
|
| 856 |
4 |
0 |
|u http://acta.bibl.u-szeged.hu/87827/1/otdk_2025_human_491.pdf
|z Dokumentum-elérés
|